| 000 | 01521nab a22002417a 4500 | ||
|---|---|---|---|
| 999 |
_c5956 _d5956 |
||
| 003 | OSt | ||
| 005 | 20260114131537.0 | ||
| 008 | 190605e xxu||||| |||| 00| 0 spa d | ||
| 040 | _cPJ | ||
| 100 |
_96788 _aPérez, Emiliano A. |
||
| 245 | 1 | 3 |
_aEl sinuoso camino hacia la protección de los créditos laborales / _cEmiliano A. Pérez |
| 260 |
_aCiudad Autónoma de Buenos Aires : _bThomson Reuters La Ley, _c2024. |
||
| 300 | _ap. 126-135 | ||
| 500 | _aCita: TR LALEY AR/DOC/1623/2024. | ||
| 505 | _aSumario: I. El art. 62 de la ley 18.345 y su vinculación con el art. 247 de la ley 20.744.— II. La responsabilidad solidaria del administrador de la persona jurídica ante un incumplimiento contractual doloso.— III. Los olvidados (y pocos utilizados) procedimientos del art. 80 in fine y art. 138 LO.— IV. La necesidad de instituir instrumentos procesales eficaces en el proceso laboral nacional (ley 18.345) para salvaguardar los créditos alimentarios en casos de despidos. | ||
| 505 | _aFallo comentado: CNTrab., sala VII ~ 18/03/2024 ~ Jaspe Urbina, Angélica Alejandra c. Wenance S.A. y otro s/ medida cautelar. | ||
| 505 | _t¿Te interesa el texto completo? Solicitalo al correo: koha@justierradelfuego.gov.ar | ||
| 650 | 0 |
_91316 _aDERECHO LABORAL |
|
| 650 | 0 |
_91323 _aCONTRATO DE TRABAJO |
|
| 650 | 0 |
_91814 _aCESACION DE PAGOS |
|
| 773 | 0 |
_02711 _93168 _dCiudad Autónoma de Buenos Aires : Thomson Reuters La Ley, 1999-2002. _tRevista de derecho del trabajo. Nº 4 - Julio 2024 |
|
| 942 |
_2udc _cANA |
||